Statystyki dla Czy odgadniesz to Europejskie państwo po trzech znanych osobach

Kliknij tutaj aby rozwiązać quiz!

Ogólne statystyki

  • Ten quiz został rozwiązany 133 razy
  • Średni wynik to 8 z 8

Statystyki odpowiedzi

PodpowiedźOdpowiedź% Poprawnych
Józef Piłsudski, Maria Skłodowska-Curie, Fryderyk ChopinPolska
100%
Cristiano Ronaldo, Ferdynand Magellan, Vasco da GamaPortugalia
100%
Władimir Władimirowicz Putin, Mikołaj II Romanow, Dmitrij Iwanowicz MendelejewRosja
100%
Elżbieta II, Isaac Newton, Karol DarwinWielka Brytania
100%
Benito Mussolini, Krzysztof Kolumb, Juliusz CezarWłochy
100%
Napoleon Bonaparte, Kylian Mbappe, Coco ChanelFrancja
99%
Pablo Picasso, Gerard Piqué, Antonio BanderasHiszpania
98%
Wolfgang Amadeus Mozart, Ludwig van Beethoven, Adolf HitlerAustria
94%

Rozkład punktacji

Percentyl według liczby udzielonych odpowiedzi

Procent ludzi z każdym wynikiem

Twoja historia wyników

Nie rozwiązałeś tego quizu